000 00575nam a2200181Ia 4500
999 _c41371
_d41371
003 GCL
005 20240530103637.0
008 140319s9999 xx 000 0 ara d
040 _aGCL /
_cGCL
082 0 4 _a345.05
_bر ض
100 1 _aروؤف عبيد
245 1 0 _aضوابط تبيب الاحكام الجنائية واوامر النصوص فى التحقيق /
_cروؤف عبيد
490 _aكتاب
_v0
650 0 4 _aالقانون الجنائى
650 0 4 _aالمحاكم الجنائية
650 0 4 _aالاحكام الجنائية
942 _2ddc
_cBK